الحماية الدولية للملكية الفكرية : (Record no. 24391)

MARC details
000 -الفاتح
حقل البيانات ثابتة الطول 01510nam a22002535a 4500
003 - محدد رقم الضبط
رقم الضبط OSt
005 - وقت وتاريخ اخر تعامل مع التسجيلة
رقم الضبط 20170313113049.0
008 - عناصر البيانات ثابتة الطول - معلومات عامة
حقل البيانات ثابتة الطول 160922s2011 ua frb 000 0 ara d
015 ## -
-- 2011 / 19451
020 ## - الرقم الدولى المعيارى للكتب
الرقم الدولى المعيارى للكتاب 9789770468725
040 ## - مصدر الفهرسة
وكالة الفهرسة الأصلية EG-ScBUE
لغة الفهرسة ara
وكالة النسخ EG-ScBUE
وكالة التعديل EG-ScBUE
082 04 - رقم تصنيف ديوى العشرى
رقم التصنيف 346.048
رقم المادة ز م ز
رقم الطبعة 22
100 1# - المدخل الرئيسى - إسم شخصى
الإسم الشخصى زمزم، عبد المنعم.
245 12 - بيان العنوان
العنوان الحماية الدولية للملكية الفكرية :
بقية العنوان دراسة في إنفاذ القانون الدولي الخاص المادي الجديد للملكية الفكرية /
بيان المسئوليه,etc عبد المنعم زمزم.
260 ## - PUBLICATION, DISTRIBUTION, ETC. (IMPRINT)
مكان الناشر او الموزع القاهرة :
اسم الناشر او الموزع دار النهضه العربية،
تاريخ النشر أو التوزيع 2011.
300 ## - الوصف المادى
التعداد 303 ص. ؛
أبعاد الوعاء 24 سم.
504 ## - تبصرة ببليوجرافية
تبصرة ببليوجرافية,الخ يشتمل على إرجاعات ببليوجرافية.
505 0# - تبصرة محتويات-الفهرس
تبصرة المحتويات المصاغة الحقوق القابلة للحماية : الملكية الفكرية الأدبية والفنية والعلمية - الحقوق المجاورة لحق المؤلف - الملكية الفكرية الصناعية ... - خاتمة : القانون الدولي الخاص المادي الجديد للملكية الفكرية ليس خصومة تعويض وإنما خصومة لإنقاذ قواعده في التشريعات الداخلية للدول بغية توحيدها.
650 #7 - المدخل الاضافى بالموضوع-مصطلح موضوعى
مصطلح موضوعي أو اسم جغرافي كعنصر مدخل حقوق التأليف والنشر (قانون دولي)
مصدر الرأس أو المصطلح BUEsh
650 #7 - المدخل الاضافى بالموضوع-مصطلح موضوعى
مصطلح موضوعي أو اسم جغرافي كعنصر مدخل براءات الاختراع (قانون دولي)
مصدر الرأس أو المصطلح BUEsh
651 ## - المدخل الاضافى بالموضوع - اسم جغرافى
مصدر الرأس أو المصطلح BUEsh
653 ## - مصطلح تكشيفى غير مقيد
Resource For college Law
Arrived date list March2017
942 ## - عناصر المدخل الإضافي( كوها)
مصدر التصنيف او مخطط الترفيف Dewey Decimal Classification
Holdings
حالة التراجع حالة الفقد مصدر التصنيف او خطة الترفيف حالة تلف ليس للاعارة مجموعات كوها المكان الدائم المكان الحالي موقع الترفيف تاريخ الاكتساب Source of acquisition سعر الشراء الطبيعي تعداد مسلسل / التسلسل الزمني رقم الاستدعاء الباركود Date last seen مُعار التكلفة نوع الوعاء
    Dewey Decimal Classification     دار النهضة العربية Central Library Central Library First floor 12/03/2017 Purchase 75.00 2815 346.048 ز م ز 000045770 15/07/2025 13/12/2023 93.75 Book - Borrowing
    Dewey Decimal Classification     دار النهضة العربية Central Library Central Library First floor 12/03/2017 Purchase 75.00 2815 346.048 ز م ز 000045771 15/07/2025 02/12/2024 93.75 Book - Borrowing